Los recursos naturales base para el desarrollo del campo (Registro nro. 3769)

Detalles MARC
000 -CABECERA
Campo de control 00842nam a2200217 a 4500
005 - FECHA Y HORA DE LA ULTIMA TRANSACCION
Campo de control 20160128083525.0
008 - ELEMENTOS DE LONGITUD FIJA—INFORMACION GENERAL
Campo de control 140312b1996 ck ||||| |||| 00| 0 spa d
040 ## - FUENTE DE CATALOGACIÓN
Agencia catalogadora original CO-BoIAVH
Agencia transcriptora CO-BoIAVH
041 ## - IDIOMA
Código de idioma para texto/pista de sonido o título separado Español
044 ## - PAÍS DE PUBLICACIÓN
País de publicación Colombia
082 04 - NUMERO DE CLASIFICACION DECIMAL DEWEY
Número de clasificación 333.715
Número del ítem R31n
090 ## - CLASIFICACIÓN LOCAL
Colección LB
Consecutivo 03506
111 2# - ASIENTO PRINCIPAL--NOMBRE DE REUNION
Nombre de reunión o de jurisdicción como elemento de entrada Encuentro Regional Ambiental
Lugar de la reunión San Mateo, Boyacá
Fecha de la reunión agosto 30, 31 y septiembre 1, 1996
Número de la parte/sección/reunión II
9 (RLIN) 55094
245 14 - MENCION DE TITULO
Título Los recursos naturales base para el desarrollo del campo
260 ## - PUBLICACION, DISTRIBUCION, ETC. (PIE DE IMPRENTA)
Lugar de publicación, distribución, etc. San Mateo :
Nombre del editor, distribuidor, etc. Pontificia Universidad Javeriana, IDEADE,
Fecha de publicación, distribución, etc. 1996.
300 ## - DESCRIPCION FISICA
Extensión 66 páginas ;
Dimensiones 28 x 22 cm.
650 #6 - ASIENTO SECUNDARIO DE MATERIA - TERMINO TEMATICO
Término temático o nombre geográfico como elemento de entrada Campesinado
Subdivisión general Recursos naturales
Subdivisión de forma Congresos, conferencias, etc.
9 (RLIN) 55095
650 #6 - ASIENTO SECUNDARIO DE MATERIA - TERMINO TEMATICO
Término temático o nombre geográfico como elemento de entrada Recursos naturales
Subdivisión general Manejo
Subdivisión de forma Congresos, conferencias, etc.
9 (RLIN) 55096
650 #6 - ASIENTO SECUNDARIO DE MATERIA - TERMINO TEMATICO
Término temático o nombre geográfico como elemento de entrada Forrajes
Subdivisión general Campesinos
Subdivisión de forma Congresos, conferencias, etc.
9 (RLIN) 55097
942 ## - ELEMENTOS ADICIONALES (KOHA)
Tipo de ítem Libro
Sistema de clasificación Dewey Decimal Classification
Existencias
Withdrawn status Lost status Sistema de Clasificación Damaged status No para préstamo Colección Inventariado Ubicación Permanente Ubicación actual Fecha de adquisición Fuente de Valor Valor Total Checkouts Número topográfico Inventario / Código de Barras Date last seen Ejemplar Price effective from Forma de adquisición Tipo de material
    Dewey Decimal Classification     General Inventariado 2017 Bogotá Bogotá 26/03/2004 Instituto 39000.00   LB-333.715 R31n 015568 04/12/2012 Ej. 1 04/12/2012   Libro